[Event "105th ch-GBR 2018"]
[Site "Hull ENG"]
[Date "2018.07.29"]
[Round "2.12"]
[White "Wells, Peter K"]
[Black "Price, Gwilym"]
[Result "1/2-1/2"]
[WhiteTitle "GM"]
[WhiteElo "2426"]
[BlackElo "2085"]
[WhiteFideId "400327"]
[BlackFideId "443980"]
[EventDate "2018.07.28"]

1. e4 c5 2. Nf3 e6 3. d4 cxd4 4. Nxd4 Nf6 5. Nc3 Nc6 6. Nxc6 bxc6 7. e5 Nd5 8.
Ne4 Qc7 9. f4 Qb6 10. c4 Ne3 11. Qd3 Bb4+ 12. Bd2 O-O 13. b3 f5 14. exf6 Ng4 15.
c5 Qa5 16. a3 Bxd2+ 17. Qxd2 Qxd2+ 18. Kxd2 Nxf6 19. Nxf6+ Rxf6 20. Ke3 a5 21.
Bd3 Ba6 22. Rhd1 Bxd3 23. Rxd3 Rf5 24. Rxd7 Rxc5 25. Rad1 Rb8 26. Rd8+ 1/2-1/2

[Event "105th ch-GBR 2018"]
[Site "Hull ENG"]
[Date "2018.07.29"]
[Round "2.13"]
[White "Rudd, Jack"]
[Black "Hebden, Mark L"]
[Result "0-1"]
[WhiteTitle "IM"]
[BlackTitle "GM"]
[WhiteElo "2244"]
[BlackElo "2423"]
[WhiteFideId "405736"]
[BlackFideId "400084"]
[EventDate "2018.07.28"]

1. d4 Nf6 2. Bg5 d5 3. e3 Ne4 4. Bf4 c5 5. Nd2 Nxd2 6. Qxd2 Nc6 7. Nf3 cxd4 8.
exd4 Bf5 9. c3 e6 10. Bb5 Qb6 11. Be2 Be7 12. O-O O-O 13. b4 Rac8 14. a4 Qd8 15.
Rfe1 Bd6 16. Bxd6 Qxd6 17. Bd3 Bxd3 18. Qxd3 Qf4 19. Re3 Rc7 20. g3 Qh6 21. Rae1
Rfc8 22. h4 Qg6 23. Qb5 h6 24. a5 Qc2 25. Qc5 a6 26. R1e2 Qb1+ 27. Re1 Qf5 28.
Qd6 Na7 29. Ne5 Nb5 30. Qb6 Nxc3 31. Rf3 Qh3 0-1

[Event "105th ch-GBR 2018"]
[Site "Hull ENG"]
[Date "2018.07.29"]
[Round "2.14"]
[White "Payne, Matthew J"]
[Black "Emms, John M"]
[Result "0-1"]
[BlackTitle "GM"]
[WhiteElo "2113"]
[BlackElo "2488"]
[WhiteFideId "417084"]
[BlackFideId "400254"]
[EventDate "2018.07.28"]

1. e4 c5 2. Nf3 Nc6 3. Bb5 g6 4. Bxc6 bxc6 5. O-O Bg7 6. Re1 Qc7 7. c3 d6 8. h3
Nf6 9. d4 cxd4 10. cxd4 O-O 11. Nc3 Rb8 12. Qc2 c5 13. dxc5 Qxc5 14. Be3 Qc7 15.
Rac1 Qb7 16. b3 Bd7 17. e5 dxe5 18. Nxe5 Bf5 19. Qe2 Ne4 20. Bd4 Rbd8 21. Qe3
Nxc3 22. Bxc3 Rfe8 23. Ba5 Rc8 24. Nc4 Be6 25. Qf4 Qa6 26. Bc3 Bxc3 27. Rxc3
Qxa2 28. Rxe6 fxe6 29. Ne5 Qa1+ 0-1

[Event "105th ch-GBR 2018"]
[Site "Hull ENG"]
[Date "2018.07.29"]
[Round "2.15"]
[White "Pollack, Oscar"]
[Black "Ward, Chris G"]
[Result "0-1"]
[BlackTitle "GM"]
[WhiteElo "2064"]
[BlackElo "2434"]
[WhiteFideId "429414"]
[BlackFideId "400203"]
[EventDate "2018.07.28"]

1. d4 d5 2. Nc3 Nf6 3. Bg5 Nbd7 4. Nf3 e6 5. e3 c5 6. a3 Be7 7. Bd3 a6 8. O-O b5
9. Ne5 Nxe5 10. dxe5 Nd7 11. Bxe7 Qxe7 12. f4 Bb7 13. Qe1 f5 14. Rd1 g5 15. Be2
h5 16. Bf3 Nb6 17. b3 h4 18. Rd2 O-O-O 19. a4 gxf4 20. exf4 d4 21. a5 dxc3 22.
Rxd8+ Qxd8 23. axb6 Qd4+ 24. Qf2 Bxf3 25. Qxd4 cxd4 26. Rxf3 Rd8 27. Rd3 Kb7 28.
Kf2 Kxb6 29. b4 Kc6 30. Ke2 Kd5 31. Rh3 Ke4 32. Rxh4 d3+ 33. cxd3+ Rxd3 0-1

[Event "105th ch-GBR 2018"]
[Site "Hull ENG"]
[Date "2018.07.29"]
[Round "2.16"]
[White "Palliser, Richard J D"]
[Black "Jamroz, Krzysztof"]
[Result "1-0"]
[WhiteTitle "IM"]
[WhiteElo "2418"]
[BlackElo "2026"]
[WhiteFideId "407372"]
[BlackFideId "1111850"]
[EventDate "2018.07.28"]

1. d4 e6 2. c4 Bb4+ 3. Nd2 b6 4. Qb3 Nc6 5. d5 Nd4 6. Qd3 c5 7. a3 Bxd2+ 8. Bxd2
d6 9. e3 Nf5 10. dxe6 fxe6 11. Bc3 Nf6 12. O-O-O Bb7 13. f3 Ke7 14. g4 Nh4 15.
e4 Rf8 16. Qe3 e5 17. Bxe5 dxe5 18. Rxd8 Raxd8 19. Qg5 Ng6 20. h4 Nf4 21. Qxe5+
Ne6 22. Ne2 Nd7 23. Qc3 Nb8 24. Qe3 Nc6 25. f4 Ncd4 26. f5 Nxe2+ 27. Bxe2 Nd4
28. Re1 Rfe8 29. e5 Kf8 30. e6 Re7 31. Bd3 Bc6 32. Kb1 Ba4 33. Be4 Bb3 34. Qg5 1-0

[Event "105th ch-GBR 2018"]
[Site "Hull ENG"]
[Date "2018.07.29"]
[Round "2.19"]
[White "Kolbus, Dietmar"]
[Black "Sugden, John N"]
[Result "1-0"]
[WhiteTitle "IM"]
[WhiteElo "2303"]
[BlackElo "2090"]
[WhiteFideId "4610628"]
[BlackFideId "402001"]
[EventDate "2018.07.28"]

1. c4 e5 2. Nf3 e4 3. Nd4 d5 4. cxd5 Qxd5 5. e3 Bc5 6. Nc3 Qe5 7. d3 exd3 8. Nf3
Qe7 9. Bxd3 Be6 10. O-O Nd7 11. Nd4 Ngf6 12. Nxe6 Qxe6 13. Qc2 c6 14. Ne4 Nxe4
15. Bxe4 Nf6 16. Bf5 Qe7 17. Rd1 O-O 18. Bd2 Bd6 19. g3 Rfd8 20. Ba5 Bc7 21.
Bxc7 Qxc7 22. a3 h6 23. Qc5 a6 24. Rac1 g6 25. Bb1 Rxd1+ 26. Rxd1 Rd8 27. Rd4
Rxd4 28. Qxd4 Qd7 29. Qxd7 Nxd7 30. Kf1 Kf8 31. Ke2 Ke7 32. f4 Nc5 33. b4 Nd7
34. e4 f6 35. Ba2 Nb6 36. Kd3 Nd7 37. Kd4 Kd6 38. Bf7 g5 39. Bh5 b6 40. Be2 c5+
41. bxc5+ bxc5+ 42. Ke3 a5 43. Bb5 Nb6 44. Kd3 Ke6 45. Kc3 Kd6 46. Bc4 Na4+ 47.
Kc2 Nb6 48. Kd3 Nd7 49. Bf7 Nb6 50. Bb3 gxf4 51. gxf4 Ke7 52. e5 fxe5 53. fxe5
Kd7 54. Ke4 Ke7 55. h4 Kd7 56. h5 Ke7 57. Ba2 Kd7 58. Kf5 c4 59. Ke4 Ke6 60. Kd4
Kf5 61. Bb1+ Ke6 62. Be4 Ke7 63. Bf5 c3 64. Kxc3 Nd5+ 65. Kd4 Nf4 66. Bg4 Kf7
67. Ke4 Ng2 68. Bd1 Ke6 69. Bb3+ Ke7 70. Bc4 Nh4 71. Bf1 Ke6 72. Bh3+ Ke7 73.
Kf4 1-0

[Event "105th ch-GBR 2018"]
[Site "Hull ENG"]
[Date "2018.07.29"]
[Round "2.20"]
[White "Jarmany, John"]
[Black "Ghasi, Ameet K"]
[Result "0-1"]
[BlackTitle "IM"]
[WhiteElo "2110"]
[BlackElo "2494"]
[WhiteFideId "415421"]
[BlackFideId "409200"]
[EventDate "2018.07.28"]

1. d4 Nf6 2. c4 g6 3. Nf3 Bg7 4. g3 O-O 5. Bg2 c6 6. O-O d5 7. cxd5 cxd5 8. Nc3
e6 9. Bf4 Nc6 10. Rc1 Bd7 11. Bd6 Re8 12. Ne5 Qb6 13. Bc5 Qa6 14. e3 b6 15. Bd6
Rac8 16. a4 Qb7 17. Qe2 Red8 18. Nxc6 Bxc6 19. Be5 Ne8 20. Bxg7 Kxg7 21. Rfd1
Nd6 22. Bf1 h5 23. h4 Qe7 24. b3 Rh8 25. f4 Rc7 26. Qd2 Rhc8 27. Bd3 Rb8 28. Qe2
Rbc8 29. Qd2 Ne8 30. Nb1 Nf6 31. Rc2 Be8 32. Rdc1 Rxc2 33. Rxc2 Rxc2 34. Bxc2 b5
35. Qc3 Qb7 36. Kf2 bxa4 37. bxa4 Bxa4 38. Nd2 Bxc2 39. Qxc2 Qb4 40. Ke2 a5 41.
Qc5 Qxd2+ 42. Kxd2 Ne4+ 43. Kc2 Nxc5 44. dxc5 Kf8 45. Kb3 Ke7 46. Ka4 Kd7 47.
Kxa5 Kc6 48. Kb4 f6 49. Kc3 Kxc5 50. Kd3 e5 51. e4 f5 52. exf5 e4+ 53. Ke3 gxf5
54. g4 d4+ 55. Ke2 fxg4 0-1

[Event "105th ch-GBR 2018"]
[Site "Hull ENG"]
[Date "2018.07.29"]
[Round "2.21"]
[White "Houska, Jovanka"]
[Black "Waddington, Mike P"]
[Result "1-0"]
[WhiteTitle "IM"]
[BlackTitle "FM"]
[WhiteElo "2406"]
[BlackElo "2110"]
[WhiteFideId "405094"]
[BlackFideId "410497"]
[EventDate "2018.07.28"]

1. Nf3 f5 2. d3 d6 3. e4 e5 4. Nc3 c5 5. g3 Nf6 6. Nh4 fxe4 7. dxe4 Be6 8. Bg2
Be7 9. Nf5 O-O 10. O-O Nc6 11. Bg5 Bc4 12. Re1 Nd4 13. Nxe7+ Qxe7 14. Nd5 Bxd5
15. exd5 Qf7 16. c3 Nf5 17. f4 Nd7 18. fxe5 Nxe5 19. Rxe5 dxe5 20. d6 Qd7 21.
Qd5+ Kh8 22. Rd1 h6 23. Bc1 Rad8 24. Qxe5 Rf6 25. Bh3 Rxd6 26. Rxd6 Qxd6 27.
Qxf5 Qd1+ 28. Qf1 Qh5 29. g4 Qg6 30. Be3 Qc2 31. Qf2 Qd1+ 32. Kg2 b6 33. Kg3 Re8
34. Bf1 Rxe3+ 35. Qxe3 Qxf1 36. Qe8+ Kh7 37. Qe4+ Kg8 38. Qe6+ Qf7 39. Qxf7+
Kxf7 40. Kf4 Kf6 41. h4 c4 42. a4 g5+ 43. hxg5+ hxg5+ 44. Ke4 a6 45. Kd5 b5 46.
axb5 axb5 47. Kd6 1-0

[Event "105th ch-GBR 2018"]
[Site "Hull ENG"]
[Date "2018.07.29"]
[Round "2.22"]
[White "Maroroa, Sue"]
[Black "Zapolskis, Antanas"]
[Result "1-0"]
[WhiteTitle "WIM"]
[BlackTitle "IM"]
[WhiteElo "2104"]
[BlackElo "2283"]
[WhiteFideId "4301498"]
[BlackFideId "12800210"]
[EventDate "2018.07.28"]

1. e4 c5 2. Nf3 Nc6 3. c3 d6 4. d4 Nf6 5. d5 Nb8 6. Bd3 g6 7. Bf4 Bg7 8. Qd2 Bg4
9. Bb5+ Nbd7 10. e5 Ne4 11. Qe3 Bxf3 12. e6 O-O 13. gxf3 Nef6 14. Bxd7 Nxd5 15.
Qd2 Nxf4 16. Qxf4 Kh8 17. Qe4 Qb6 18. Qe2 fxe6 19. Na3 e5 20. O-O-O Qc7 21. Be6
a6 22. h4 Rf6 23. Qc4 Rxf3 24. h5 Bh6+ 25. Kb1 g5 26. Nc2 Rf4 27. Qd5 Qc6 28.
Qd2 Raf8 29. Rh2 R8f6 30. Bd5 Qc7 31. Ne3 Qd7 32. f3 Rf8 33. Ng4 Kg7 34. Qd3 c4
35. Qc2 Rh8 36. Rg2 e6 37. Be4 Qe7 38. Bxh7 Rxh7 39. Qg6+ Kf8 40. Nxh6 Rg7 41.
Qc2 Rxf3 42. Qe2 Rf4 43. Ng4 Rgf7 44. Rgg1 Qc7 45. Qd2 d5 46. Qe3 R7f5 47. Qa7
Rf7 48. Nh6 Rg7 49. Ng4 Rgf7 50. Ka1 Kg7 51. Rde1 e4 52. Qd4+ Kh7 53. Ne5 Rg7
54. Ng6 Rf5 55. a3 Kh6 56. Rh1 b6 57. Ref1 Qc5 58. Qd2 Rgf7 59. Rfg1 Qf2 60. Qd1
Qc5 61. Qa4 Qb5 62. Qd1 e5 63. Qc1 d4 64. Nh4 Rf4 65. Ng6 d3 66. Rxg5 Kxg5 67.
Nxf4 exf4 68. Qg1+ Kf6 69. Qg6+ Ke7 70. Qxe4+ Kd6 71. Qg6+ Ke7 72. Re1+ Kf8 73.
Qh6+ Rg7 74. Qh8+ Kf7 75. h6 Rg3 76. Qh7+ Kf8 77. Qe7+ Kg8 78. h7+ Kh8 79. Qf6+
Rg7 80. Qxf4 Qd5 81. Qh4 Qf7 82. Qd8+ Kxh7 83. Rh1+ Kg6 84. Rg1+ Kh7 85. Rh1+
Kg6 86. Qd6+ Qf6 87. Rh6+ Kxh6 88. Qxf6+ Rg6 89. Qh4+ Kg7 90. Qxc4 1-0

[Event "105th ch-GBR 2018"]
[Site "Hull ENG"]
[Date "2018.07.29"]
[Round "2.23"]
[White "Abdulla, Murad"]
[Black "Verma, Aditya"]
[Result "1/2-1/2"]
[WhiteTitle "FM"]
[WhiteElo "2281"]
[BlackElo "2084"]
[WhiteFideId "2403757"]
[BlackFideId "426202"]
[EventDate "2018.07.28"]

1. e4 c5 2. Nf3 d6 3. d4 cxd4 4. Nxd4 Nf6 5. Nc3 g6 6. Be3 Bg7 7. f3 Nc6 8. Qd2
O-O 9. O-O-O Bd7 10. g4 Ne5 11. h4 Rc8 12. Be2 a6 13. h5 b5 14. hxg6 fxg6 15.
Bh6 Bxh6 16. Rxh6 Rf7 17. Kb1 Qb6 18. g5 b4 19. Nd5 Nxd5 20. exd5 Nc4 21. Qd3
Bf5 22. Qb3 Qc5 23. Bxc4 Qxc4 24. Nc6 Qe2 25. Rhh1 a5 26. Rhe1 Qg2 27. Rxe7
Bxc2+ 28. Qxc2 Qxc2+ 29. Kxc2 Rxe7 30. Rd4 Rf7 31. Kd2 Kg7 32. f4 h6 33. gxh6+
Kxh6 34. Nxa5 Ra7 35. Nc6 Rxa2 36. Rxb4 Rc7 37. Rb8 Rd7 38. Ke3 Ra1 39. b4 Rd1
40. Ke4 Re1+ 41. Kd4 Rd1+ 42. Kc4 Rc1+ 43. Kb5 Rd1 44. Nd8 Rc7 45. Ne6 Rxd5+ 46.
Kb6 Re7 47. Kc6 Rd1 48. Rh8+ Rh7 49. Rd8 Kh5 50. b5 Kg4 51. Rf8 d5 52. Kc5 d4
53. Nxd4 Rb7 54. Kc4 Rxd4+ 55. Kxd4 Rxb5 56. Rf6 g5 57. fxg5 Rxg5 58. Rd6 1/2-1/2

[Event "105th ch-GBR 2018"]
[Site "Hull ENG"]
[Date "2018.07.29"]
[Round "2.25"]
[White "Pritchett, Craig W"]
[Black "Jackson, Sheila"]
[Result "1-0"]
[WhiteTitle "IM"]
[BlackTitle "WGM"]
[WhiteElo "2274"]
[BlackElo "2072"]
[WhiteFideId "2400065"]
[BlackFideId "402508"]
[EventDate "2018.07.28"]

1. Nf3 Nf6 2. c4 c5 3. Nc3 g6 4. d4 cxd4 5. Nxd4 Bg7 6. e4 d6 7. Be2 O-O 8. Be3
Nc6 9. O-O Bd7 10. Qd2 Nxd4 11. Bxd4 Bc6 12. f3 Nd7 13. Be3 f5 14. exf5 Rxf5 15.
f4 Nc5 16. Bg4 Rf8 17. b4 Ne4 18. Be6+ Kh8 19. Nxe4 Bxe4 20. Bd4 Bf5 21. Bxg7+
Kxg7 22. Qd4+ Kh6 23. Rae1 Qb6 24. Qxb6 axb6 25. Bxf5 gxf5 26. Rxe7 Rxa2 27. Rf3
Ra1+ 28. Kf2 Ra2+ 29. Ke3 Ra3+ 30. Kd4 Rxf3 31. gxf3 Rg8 32. Rxb7 Rg2 33. Rxb6
Rd2+ 34. Ke3 Rxh2 35. Rxd6+ Kg7 36. b5 Rb2 37. Rd2 Rb3+ 38. Rd3 Rb2 39. Rd7+ Kg6
40. Rd2 Rb3+ 41. Kf2 h5 42. Rd6+ Kf7 43. Kg3 Ke7 44. Rc6 Kd7 45. Rh6 Rc3 46.
Rxh5 Rxc4 47. Rxf5 Ke6 48. Re5+ Kf6 49. Re4 Rc7 50. b6 Rb7 51. Rb4 1-0

[Event "105th ch-GBR 2018"]
[Site "Hull ENG"]
[Date "2018.07.29"]
[Round "2.28"]
[White "Thurlow, Kevin J"]
[Black "McMichael, Richard J"]
[Result "0-1"]
[WhiteTitle "CM"]
[BlackTitle "CM"]
[WhiteElo "2030"]
[BlackElo "2245"]
[WhiteFideId "406104"]
[BlackFideId "400963"]
[EventDate "2018.07.28"]

1. c4 e6 2. Nc3 f5 3. d4 Nf6 4. g3 c6 5. Bg2 d5 6. Nf3 Bd6 7. O-O O-O 8. b3 Bd7
9. Qc2 Be8 10. Bf4 Bxf4 11. gxf4 Nbd7 12. Ne5 Nh5 13. e3 Rf6 14. Ne2 Rh6 15.
cxd5 exd5 16. Ng3 g6 17. Nf3 Ndf6 18. Ng5 Ne4 19. N3xe4 fxe4 20. f3 exf3 21.
Rxf3 Bd7 22. Bh3 Ng7 23. Raf1 Bxh3 24. Rxh3 Rxh3 25. Nxh3 Nf5 26. Re1 Qh4 27.
Nf2 Re8 28. Qc3 Nd6 29. Qd2 g5 30. fxg5 Qxg5+ 31. Kh1 Kh8 32. Rg1 Qxe3 33. Qxe3
Rxe3 34. Ng4 Re6 35. Ne5 Rf6 36. Rg4 Nf7 37. Nd7 Rf5 38. Nc5 Nd6 39. Kg2 Rf7 40.
Kg3 b6 41. Ne6 Rf6 42. Nd8 Nf5+ 0-1

[Event "105th ch-GBR 2018"]
[Site "Hull ENG"]
[Date "2018.07.30"]
[Round "3.2"]
[White "Howell, David W L"]
[Black "Adair, James R"]
[Result "1-0"]
[WhiteTitle "GM"]
[BlackTitle "IM"]
[WhiteElo "2687"]
[BlackElo "2492"]
[WhiteFideId "410608"]
[BlackFideId "406252"]
[EventDate "2018.07.28"]

1. d4 Nf6 2. c4 e6 3. Nc3 Bb4 4. Qc2 O-O 5. e4 d5 6. e5 Ne4 7. Bd3 c5 8. Nf3
cxd4 9. Nxd4 Nd7 10. Bf4 Qh4 11. g3 Qh5 12. h4 Nxe5 13. Be2 Ng4 14. Bxg4 Qxg4
15. f3 Qh5 16. g4 Qg6 17. fxe4 e5 18. O-O-O Bxc3 19. Nf5 Bxf5 20. gxf5 Qg4 21.
Be3 Bd4 22. Bxd4 exd4 23. exd5 Rac8 24. Kb1 b5 25. c5 Rfd8 26. Rhg1 Qxh4 27. c6
g6 28. fxg6 hxg6 29. Qf5 Kg7 30. c7 Re8 31. d6 Re6 32. Rdf1 Rf8 33. c8=Q 1-0

[Event "105th ch-GBR 2018"]
[Site "Hull ENG"]
[Date "2018.07.30"]
[Round "3.3"]
[White "Fernandez, Daniel Howard"]
[Black "Jones, Gawain C B"]
[Result "0-1"]
[WhiteTitle "GM"]
[BlackTitle "GM"]
[WhiteElo "2477"]
[BlackElo "2670"]
[WhiteFideId "5801605"]
[BlackFideId "409561"]
[EventDate "2018.07.28"]

1. e4 c5 2. Nf3 d6 3. d4 cxd4 4. Nxd4 Nf6 5. f3 Nc6 6. c4 e6 7. Nc3 Be7 8. Nc2
O-O 9. Be2 d5 10. cxd5 exd5 11. exd5 Nb4 12. Nxb4 Bxb4 13. O-O Bxc3 14. bxc3
Qxd5 15. Be3 Bd7 16. Bd4 Bb5 17. Rb1 Bxe2 18. Qxe2 Rfe8 19. Qb5 Re7 20. a4 a6
21. Qb6 Qf5 22. Rbe1 Nd5 23. Qa5 Rae8 24. c4 Qd3 25. Bc5 Rxe1 26. Rxe1 Rxe1+ 27.
Qxe1 Nf6 28. Qe7 h5 29. Qf8+ Kh7 30. Qxf7 Qb1+ 31. Kf2 Qf5 32. Qe7 Ng4+ 33. Kg3
Ne5 34. h4 Nxc4 35. Bd4 Qg6+ 36. Kf4 Qxg2 37. Qc5 Qh2+ 38. Ke4 Qe2+ 39. Kf4 Qh2+
40. Ke4 Qe2+ 41. Kf4 Qe6 42. Qxh5+ Kg8 43. Qg4 Qf7+ 44. Ke4 Nd6+ 45. Ke5 Nc4+
46. Ke4 b5 47. axb5 Nd6+ 48. Ke5 Nc4+ 49. Ke4 Nd6+ 50. Ke5 Nxb5 51. Bc5 a5 52.
Qe6 a4 53. Be3 Qxe6+ 54. Kxe6 a3 55. Bc1 Nd4+ 56. Kd5 a2 57. Bb2 Nc2 58. Ke6
a1=Q 59. Bxa1 Nxa1 60. f4 Nb3 61. h5 Kh7 62. Kd5 Kh6 63. f5 Kxh5 64. Ke6 Nd4+
65. Ke5 Nxf5 0-1

[Event "105th ch-GBR 2018"]
[Site "Hull ENG"]
[Date "2018.07.30"]
[Round "3.4"]
[White "Hebden, Mark L"]
[Black "Hawkins, Jonathan"]
[Result "1/2-1/2"]
[WhiteTitle "GM"]
[BlackTitle "GM"]
[WhiteElo "2423"]
[BlackElo "2590"]
[WhiteFideId "400084"]
[BlackFideId "412686"]
[EventDate "2018.07.28"]

1. d4 d5 2. Nf3 Nf6 3. c4 e6 4. Bg5 Be7 5. Nc3 h6 6. Bh4 O-O 7. e3 b6 8. Bd3 Bb7
9. O-O Nbd7 10. Bg3 c5 11. Qe2 Ne4 12. cxd5 exd5 13. Rad1 Qc8 14. Rc1 Rd8 15.
Rfd1 Ndf6 16. Ne5 Qe6 17. f3 Nxg3 18. hxg3 Nd7 19. Nxd7 Qxd7 20. g4 Bf6 21. Qf2
Qe7 22. g3 Bc6 23. Kg2 Re8 24. Re1 cxd4 25. exd4 Qb4 26. a3 Qd6 27. f4 Bd7 28.
Be2 Rac8 29. Bf3 Rxe1 30. Rxe1 1/2-1/2

[Event "105th ch-GBR 2018"]
[Site "Hull ENG"]
[Date "2018.07.30"]
[Round "3.5"]
[White "Pert, Nicholas"]
[Black "Eggleston, David J"]
[Result "1/2-1/2"]
[WhiteTitle "GM"]
[BlackTitle "IM"]
[WhiteElo "2544"]
[BlackElo "2397"]
[WhiteFideId "403989"]
[BlackFideId "412120"]
[EventDate "2018.07.28"]

1. d4 Nf6 2. Nf3 e6 3. c4 b6 4. a3 Bb7 5. Nc3 d5 6. cxd5 exd5 7. g3 Be7 8. Bg2
O-O 9. O-O Nbd7 10. Qc2 c5 11. Rd1 Rc8 12. dxc5 Nxc5 13. Ng5 g6 14. Bf4 Ne6 15.
Nxe6 fxe6 16. Qa4 Bc5 17. e3 a6 18. Bg5 Qe7 19. Qh4 b5 20. Rac1 Bb6 21. b3 Rce8
22. Ne2 Bd8 23. b4 Qf7 24. Rf1 Ne4 25. Bxd8 Rxd8 26. Qf4 Nd2 27. Rfd1 Nc4 28.
Qxf7+ Rxf7 29. Nf4 Re8 30. Rc3 Bc8 31. h4 Ra7 32. Ne2 a5 33. e4 axb4 34. axb4
dxe4 35. Bxe4 Bb7 36. Bxb7 Rxb7 37. Rcd3 Ree7 38. Rd8+ Kg7 39. Nc3 Ne5 40. Rc8
Rec7 41. Rxc7+ Rxc7 42. Nxb5 Rc4 43. Rd6 Rxb4 44. Nc7 Kf7 45. Nxe6 h6 46. Kg2
Rb2 47. Nc5 h5 48. Ne4 Ng4 49. Kf3 Rb4 50. Ng5+ Kg7 51. Rd7+ Kg8 52. Rd2 Rb6 53.
Ke4 Rb4+ 54. Kd5 Rb5+ 55. Kd4 Rf5 56. f3 Nf6 57. Ra2 Rd5+ 58. Ke3 Re5+ 59. Ne4
Nd7 60. Ra7 Nf8 61. Kd4 Rf5 62. Ng5 Rf6 63. Ke5 Rb6 64. Re7 Rb5+ 65. Ke4 Rb4+
66. Ke3 Rb3+ 67. Kf4 Rb5 68. g4 hxg4 69. fxg4 Rb1 70. Ne4 Nh7 71. g5 Rh1 72. Kg4
Rg1+ 73. Ng3 Ra1 74. Kf4 Ra2 75. Ne4 Rh2 76. Kg3 Ra2 77. Re8+ Kg7 78. Re7+ Kg8
79. h5 Nxg5 80. Nxg5 gxh5 81. Ne6 h4+ 82. Kxh4 Ra5 83. Kg4 Rb5 84. Nf4 Kf8 85.
Ng6+ Kg8 86. Nh4 Kf8 87. Rh7 Ke8 88. Nf5 Rb1 89. Kg5 Kd8 90. Kf6 Re1 91. Nd4 Kc8
92. Ne6 Rd1 93. Ke5 Kb8 94. Nd4 Ka8 95. Kd5 Kb8 96. Kc5 Rc1+ 97. Kd6 Rd1 98. Kd5
Kc8 99. Kc5 Rc1+ 100. Kd6 Rd1 101. Rc7+ Kd8 102. Rc4 Ke8 103. Ke6 Re1+ 104. Kf6
Kd7 105. Nf3 Rh1 106. Nh4 Kd6 107. Nf5+ Kd5 108. Rd4+ Kc5 109. Rd8 Kc6 110. Ne3
Kc5 111. Ke5 Re1 112. Rc8+ Kb6 113. Kd4 Kb7 114. Rc3 Rh1 115. Nd5 Rd1+ 116. Kc5
Rb1 117. Kd6 Rb2 118. Rc1 Kb8 119. Kc6 Rh2 120. Ne7 Rh6+ 121. Kb5 Kb7 122. Nd5
Rh7 123. Rc6 Rh1 124. Rc7+ Kb8 125. Rf7 Rb1+ 126. Nb4 Kc8 127. Kc6 Kd8 128. Kd6
Ke8 129. Rf4 Rh1 130. Rf6 Rd1+ 131. Nd5 Rd2 132. Rf1 Rd4 133. Ke5 1/2-1/2

[Event "105th ch-GBR 2018"]
[Site "Hull ENG"]
[Date "2018.07.30"]
[Round "3.6"]
[White "Emms, John M"]
[Black "Zakarian, David"]
[Result "1-0"]
[WhiteTitle "GM"]
[BlackTitle "FM"]
[WhiteElo "2488"]
[BlackElo "2354"]
[WhiteFideId "400254"]
[BlackFideId "13301276"]
[EventDate "2018.07.28"]

1. e4 c5 2. Nf3 Nc6 3. c3 d6 4. d4 Nf6 5. d5 Nb8 6. Bd3 g6 7. c4 Bg7 8. h3 O-O
9. Nc3 a6 10. a4 e5 11. g4 h5 12. Nh2 hxg4 13. hxg4 Nh7 14. Nf1 Re8 15. Qf3 Qf6
16. Qg3 Ng5 17. Be2 Nd7 18. Qh4 Nf3+ 19. Bxf3 Qxf3 20. Rh3 Qg2 21. Rg3 Bf6 22.
g5 1-0

[Event "105th ch-GBR 2018"]
[Site "Hull ENG"]
[Date "2018.07.30"]
[Round "3.7"]
[White "Murphy, Conor E"]
[Black "Tan, Justin2"]
[Result "0-1"]
[WhiteTitle "FM"]
[BlackTitle "IM"]
[WhiteElo "2336"]
[BlackElo "2481"]
[WhiteFideId "421669"]
[BlackFideId "3206882"]
[EventDate "2018.07.28"]

1. d4 d5 2. c4 e6 3. Nf3 a6 4. cxd5 exd5 5. Nc3 Nf6 6. Qc2 Be6 7. e4 Nxe4 8.
Nxe4 dxe4 9. Qxe4 Bb4+ 10. Bd2 Bxd2+ 11. Nxd2 Nc6 12. Nb3 O-O 13. Bd3 g6 14. Nc5
Bf5 15. Qf3 Nxd4 0-1

[Event "105th ch-GBR 2018"]
[Site "Hull ENG"]
[Date "2018.07.30"]
[Round "3.8"]
[White "Gormally, Daniel W"]
[Black "Kolbus, Dietmar"]
[Result "1/2-1/2"]
[WhiteTitle "GM"]
[BlackTitle "IM"]
[WhiteElo "2478"]
[BlackElo "2303"]
[WhiteFideId "406465"]
[BlackFideId "4610628"]
[EventDate "2018.07.28"]

1. e4 e6 2. d4 d5 3. e5 c5 4. c3 Qb6 5. Bd3 Bd7 6. Nf3 Bb5 7. dxc5 Bxc5 8. O-O
Bxd3 9. Qxd3 Qa6 10. Qxa6 Nxa6 11. b4 Bf8 12. Be3 Ne7 13. Nbd2 Nf5 14. a3 Nxe3
15. fxe3 Be7 16. c4 Rd8 17. e4 dxc4 18. Nxc4 O-O 19. Na5 Rd7 20. Rfd1 Rfd8 21.
Rxd7 Rxd7 22. Rc1 h6 23. Rc8+ Kh7 24. Kf1 Rd3 25. Nxb7 Rxa3 26. b5 Nc5 27. Nd6
Nd3 28. Re8 Ra1+ 29. Ke2 Nf4+ 30. Ke3 Nxg2+ 31. Kd4 Nh4 32. Nxh4 Bxh4 33. Nxf7
a6 34. bxa6 Rxa6 35. Nd6 Ra4+ 36. Kd3 Ra2 37. Rxe6 Rxh2 38. Re8 Bg5 39. Nf5 Rd2+
40. Kc3 Re2 41. Kd3 Rd2+ 42. Kc3 Re2 43. Kd3 1/2-1/2

[Event "105th ch-GBR 2018"]
[Site "Hull ENG"]
[Date "2018.07.30"]
[Round "3.9"]
[White "Ward, Chris G"]
[Black "Derakhshani, Borna"]
[Result "1/2-1/2"]
[WhiteTitle "GM"]
[BlackTitle "FM"]
[WhiteElo "2434"]
[BlackElo "2315"]
[WhiteFideId "400203"]
[BlackFideId "12518450"]
[EventDate "2018.07.28"]

1. d4 Nf6 2. c4 g6 3. Nc3 d5 4. Nf3 Bg7 5. cxd5 Nxd5 6. Qb3 Nxc3 7. bxc3 O-O 8.
h4 c5 9. e3 Nc6 10. Bb5 Be6 11. Qa3 Bd5 12. Bxc6 Bxc6 13. Qxc5 Rc8 14. Qa3 e5
15. h5 Re8 16. hxg6 hxg6 17. Kf1 Qd5 18. Kg1 Qc4 19. Qb3 Bxf3 20. Qxc4 Rxc4 21.
gxf3 Rxc3 22. dxe5 Bxe5 23. Bb2 Rc2 24. Bxe5 Rxe5 25. Rh4 Rb5 26. a4 Rbb2 27.
Rf1 a6 28. Kg2 b5 29. axb5 axb5 30. Kg3 Kg7 31. Rd4 Rc7 32. Rd6 Rb7 33. f4 b4
34. f5 gxf5 35. Kf4 Rc2 36. Kxf5 Rc5+ 37. Ke4 b3 38. Rg1+ Kf8 39. Rb1 Rc2 40.
Kd3 Rxf2 41. Ra6 Ra2 42. Rc6 Rd7+ 43. Ke4 b2 44. Rb6 Rd2 45. Rb7 Rf2 46. Ke5
Ra5+ 47. Ke4 Ra4+ 48. Ke5 Rg2 49. R1xb2 Rg5+ 50. Kf6 Rg6+ 51. Kf5 Raa6 52. e4 1/2-1/2

[Event "105th ch-GBR 2018"]
[Site "Hull ENG"]
[Date "2018.07.30"]
[Round "3.10"]
[White "Webb, Laurence E"]
[Black "Wells, Peter K"]
[Result "0-1"]
[WhiteTitle "FM"]
[BlackTitle "GM"]
[WhiteElo "2306"]
[BlackElo "2426"]
[WhiteFideId "402389"]
[BlackFideId "400327"]
[EventDate "2018.07.28"]

1. e4 e5 2. Nf3 Nc6 3. Bb5 a6 4. Bxc6 dxc6 5. O-O Bd6 6. d4 exd4 7. Qxd4 f6 8.
Be3 Be6 9. Nbd2 Ne7 10. Rad1 Ng6 11. Nc4 Bxc4 12. Qxc4 Qe7 13. Nd4 Qxe4 14. Qb3
O-O-O 15. Ne6 Nh4 16. f3 Qg6 17. g4 Rde8 18. Nc5 Bxc5 19. Bxc5 h5 20. Qd3 hxg4
21. Qxg6 Nxg6 22. fxg4 Re4 23. g5 Rg4+ 24. Kh1 Rxg5 25. Bf2 Ne5 26. Be3 Rxh2+
27. Kxh2 Ng4+ 0-1